1427 1653 1875 1119 1878 1657 1121 1690 1728 1125 1893 1009 1248 1061 1713 1244 1093 1005 1229 1995 1914 1520 1216 1296 1243 1162 1740 1832 1148 1771 1572 1002 1913 1633 1133 1248 1278 1082 1978 1439 1801 1356 1773 1528 1081 1783 1314 1318 1793 1368 1579 1973 1384 1351 1433 1583 1391 1774 1127 1086 1600 1861 1654 1141 1129 1373 1126 1565 1401 1874 1707 1067 1395 1262 1143 1730 1217 1658 1769 1319 1309 1607 1038 1947 1087 1274 1275 1893 1183 1192 1504 1070 1513 1594 1527 1180 1606 1271 1959 BCNSPRNW ULIB Ver.6.0+V

เปลี่ยนเป็นภาษาไทย

Change to English
 แสดงรายละเอียดบรรณานุกรม
  กลับหน้าหลัก

Brief Record : Get Marc (ISO 2709) : E-mail record : QR code < ปิดหน้าต่าง
LEADER : 00000nam 2200000uu 4500
001    13399123173
003     ULIB
008    200557s2551||||th 000 0 tha d
020    ^a9789740566434
090    ^aนว.^bภ111ร
100 0  ภคมน
245 00 ^aรักวุ่นวายหนุ่มหน้าใสกะยัยขี้เหร่/^cภคมน
250    ^aพิมพ์ครั้งที่ 1
260    ^aกรุงเทพฯ :^bนกฮูก,^c2551
300    ^a256หน้า
710 1  ^aนกฮูก
945    ^p215^l0^i20321
995    ^aทศพร
999    ^aทศพร เกษรทอง
รายการนี้ยังไม่มีแท็ก
คุณยังไม่ได้ล็อกอิน คุณสามารถมีกิจกรรมร่วมกับเว็บไซต์ได้ แต่ต้องล็อกอินก่อน ::
  ล็อกอิน

รายการสื่อสารสนเทศ

ลำดับที่ ประเภท เลขเรียก/บาร์โค้ด สถานที่ สถานะ
1. นวนิยาย
นวนิยาย
นว. ภ111ร ฉ.1 
  Barcode: 20321
ห้องสมุดวิทยาเขตนครสวรรค์
►นวนิยาย:l:Fiction
บนชั้น

BibComment


ยังไม่เคยถูกคอมเมนท์

คอมเมนท์ทรัพยากรรายการนี้
  คอมเมนท์: รักวุ่นวายหนุ่มห..


 Copyright 2026. Bcnsprnw @Library